Servei residencial d'estades temporals i Respir per a persones grans : Programa Respir Programa Respir
Descripción Física:
1 díptic ; il·lustracions color ; 21 cm.
Materias:
Persones grans -- Assistència institucional -- Barcelona (Catalunya : Província)
; Residències de persones grans
Idioma:
Catalán
MARC
| LEADER | 00000nam a22000007a 4500 | ||
|---|---|---|---|
| 001 | 27840 | ||
| 003 | Arxiu | ||
| 005 | 20260324181515.0 | ||
| 008 | 230515b spa||||| |||| 00| 0 cat d | ||
| 017 | |a B 9022-2019 | ||
| 040 | |a agdb |b cat | ||
| 245 | |a Servei residencial d'estades temporals i Respir per a persones grans : |b Programa Respir | ||
| 260 | |a Barcelona : |b Diputació de Barcelona ; |c 2019 | ||
| 300 | |a 1 díptic ; |b il·lustracions color ; |c 21 cm. | ||
| 650 | 0 | |a Persones grans |x Assistència institucional |z Barcelona (Catalunya : Província) | |
| 650 | 0 | |9 43170 |a Residències de persones grans | |
| 710 | 1 | |9 52701 |a Barcelona (Catalunya : Província). |b Gerència de Serveis Residencials d'Estades Temporals i Respir | |
| 710 | |9 52273 |a Barcelona (Catalunya : Província). |b Àrea de Cohesió Social, Ciutadania i Benestar | ||
| 942 | |2 udc |c ARXIU |n 1 | ||
| 952 | |0 0 |1 0 |2 udc |4 0 |6 FU7577 |7 1 |9 66307 |a Arxiu |b Arxiu |d 2023-05-15 |l 0 |o FU-75-77 |p 27840 |r 2023-05-15 00:00:00 |w 2023-05-15 |y ARXIU | ||
| 999 | |c 83438 |d 83438 | ||